La industria militar de las pólvoras y explosivos modernos (Record no. 25271)
[ view plain ]
| 000 -LEADER | |
|---|---|
| campo de control de longitud fija | 00802nam a2200181 i 4500 |
| 001 - NÚMERO DE CONTROL | |
| campo de control | 25271 |
| 003 - IDENTIFICADOR DE NÚMERO DE CONTROL | |
| campo de control | ES-MaACL |
| 005 - FECHA Y HORA DE LA ÚLTIMA TRANSACCIÓN | |
| campo de control | 20230906153227.0 |
| 007 - CAMPO FIJO DE DESCRIPCIÓN FÍSICA--INFORMACIÓN GENERAL | |
| campo de control de longitud fija | t| |
| 008 - DATOS DE LONGITUD FIJA--INFORMACIÓN GENERAL | |
| campo de control de longitud fija | 021223s1908 sp ||||1| spa d |
| 100 1# - ENTRADA PRINCIPAL--NOMBRE DE PERSONA | |
| Nombre de persona | Aranaz e Izaguirre, Ricardo. |
| 9 (RLIN) | 22268 |
| 245 13 - MENCIÓN DEL TÍTULO | |
| Título | La industria militar de las pólvoras y explosivos modernos |
| Resto del título | : Conferencia dada... en el Congreso Científico Nacional celebrado en Zaragoza en octubre de 1908 por la Asociación Española para el progreso de las Ciencias / |
| Mención de responsabilidad, etc. | por... Ricardo Aranaz e Izaguirre. |
| 260 ## - PUBLICACIÓN, DISTRIBUCIÓN, ETC. | |
| Lugar de publicación, distribución, etc. | Granada : |
| Nombre del editor, distribuidor, etc. | [s.n.], |
| Fecha de publicación, distribución, etc. | 1908 ( |
| Fabricante | Tip. de la Fábrica de Pólvoras y Explosivos) |
| 300 ## - DESCRIPCIÓN FÍSICA | |
| Extensión | 4 h., 97 p. : |
| Otras características físicas | lám. ; |
| Dimensiones | 23 cm. |
| 650 #4 - PUNTO DE ACCESO ADICIONAL DE MATERIA--TÉRMINO DE MATERIA | |
| Término de materia o nombre geográfico como elemento de entrada | Industria de los explosivos. |
| 9 (RLIN) | 155451 |
| 650 #4 - PUNTO DE ACCESO ADICIONAL DE MATERIA--TÉRMINO DE MATERIA | |
| Término de materia o nombre geográfico como elemento de entrada | Pólvora- |
| Subdivisión general | Fabricación. |
| 9 (RLIN) | 136795 |
| 852 ## - LOCALIZACIÓN | |
| Ubicación | ES-MaACL |
| Número de control de estantería | T-1162-F-5 |
| Estatus retirado | Estado de pérdida | Estado de daño | No para préstamo | Colección | Biblioteca de origen | Biblioteca actual | Ubicación en estantería | Fecha de adquisición | Fuente de adquisición | Total de préstamos | Signatura topográfica completa | Código de barras | Visto por última vez | Precio de reemplazo | Tipo de ítem Koha |
|---|---|---|---|---|---|---|---|---|---|---|---|---|---|---|---|
| Colección de folletos | Biblioteca del Ateneo de Madrid | Biblioteca del Ateneo de Madrid | Depósito folletos | 17/01/2008 | T-1162-F-5 | 1026054 | 23/02/2023 | 23/02/2023 | Folleto |
